|
|
|
|
| LEADER |
00000nab a2200000 ar4500 |
| 001 |
vtls010067699 |
| 003 |
SK-MaSNL |
| 005 |
20260318132911.0 |
| 008 |
100222c2010 xo |||||||| 000 b|hun |
| 015 |
|
|
|a SNBRB2010/02
|2 snkbucl
|
| 038 |
|
|
|a SNKBUCL
|
| 040 |
|
|
|a DSZK
|b slo
|c DSZK
|e AACR2
|
| 041 |
0 |
|
|a hun
|
| 044 |
|
|
|a xo
|c SK
|
| 080 |
|
|
|a 796.032.2
|x (100)
|2 2001
|
| 080 |
|
|
|a 796.951-051
|x (479.22)
|2 2001
|
| 080 |
|
|
|a 929 Kumaritasvili, Nodar
|2 2001
|
| 100 |
1 |
|
|a Zsigárdi, László,
|d 1959-
|4 aut
|9 840950
|
| 245 |
1 |
0 |
|a Kuzmina szenzációs diadala
|b a hazájában mellőzött, orosz sílövőnő nyerte Szlovákia első olimpiai aranyérmét
|c Zsigárdi László
|
| 300 |
|
|
|b Fotogr.
|
| 600 |
1 |
7 |
|a Kumaritasvili, Nodar,
|d 1988-2010
|2 snkbucl
|9 1196058
|
| 611 |
2 |
7 |
|a Zimné olympijské hry
|n (21. :
|d 2010 :
|c Vancouver, Britská Kolumbia)
|2 snkbucl
|9 211490
|
| 650 |
0 |
7 |
|a biatlon
|2 snkbucl
|9 13519
|
| 773 |
0 |
|
|t Szabad újság
|g Évf. XVIII, sz. 7 (2010), o. 61
|x 1335-6631
|
| 852 |
|
|
|a SNK
|b KIS3GCP
|
| 852 |
|
|
|a DSZK
|b KIS3GCP
|
| 958 |
|
|
|a HU
|
| 958 |
|
|
|a GE
|
| 958 |
|
|
|a BC
|
| 999 |
|
|
|c 2081925
|d 2083855
|